|
|
|
|
| LEADER |
00000nam a2200000 a 4500 |
| 001 |
UCK6379 |
| 003 |
CL-VaPUC |
| 008 |
050930e20040000US |||||||||||||||||eng|d |
| 020 |
|
|
|a 0387402926
|
| 082 |
0 |
4 |
|a 614.4
|b WAS
|2 21
|
| 100 |
0 |
|
|a Wassertheil-Smoller, Sylvia
|e author
|9 495562
|
| 245 |
1 |
0 |
|a Biostatistics and epidemiology: a primer for health and biomedical professionals
|
| 250 |
|
|
|a 3a. ed
|
| 300 |
|
|
|a 243 p
|
| 942 |
|
|
|c BK
|
| 945 |
|
|
|d 20050930 00:00:00
|a cmena
|
| 260 |
|
|
|a Nueva York
|b Springer
|c 2004
|
| 650 |
|
0 |
|a Epidemiología
|9 271159
|
| 650 |
|
0 |
|a Métodos estadísticos
|9 259407
|
| 650 |
|
0 |
|a Investigación científica
|9 259857
|
| 650 |
|
0 |
|a Estadística matemática
|9 260028
|
| 583 |
|
|
|a last modification
|c 20050930 00:00:00
|k Rodrigo Vera
|
| 999 |
|
|
|c 314666
|d 314664
|
| 952 |
|
|
|0 0
|1 0
|4 0
|6 614_400000000000000_WAS_2004
|7 0
|8 A
|9 387279
|a BIBGIM
|b BIBGIM
|d 2019-11-22
|i 4169573
|o 614.4 WAS 2004
|p 4169573
|r 2025-01-15
|w 2019-11-22
|y BK
|k EST
|